000 00749nam a2200205Ia 4500
999 _c31327
_d31327
003 GCL
005 20240530102315.0
008 140319s9999 xx 000 0 ara d
040 _aGCL /
_cGCL
082 0 4 _a239
_bب د
100 1 _aعبدالمعطى امين قلعجى
245 1 0 _aدلائل النبوة: ومعرفة احوال صاحب الشريعة /
_cعبدالمعطى امين قلعجى
260 _a[S.N] :
_bدار الكتب العلمية للنشر والتوزيع ،
_c1985
300 _aمتعدد الترقيم
650 0 4 _aالسيرة النبوية
650 0 4 _aالدين الاسلامى
650 0 4 _aالنبوة
700 1 _aالبيهقى، احمد بن الحسين، 994-1066 م
942 _2ddc
_cBK